Solar photovoltaics : (Record no. 27312)
[ view plain ]
| 000 -LEADER | |
|---|---|
| fixed length control field | 02189cam a22002535a 4500 |
| 005 - DATE AND TIME OF LATEST TRANSACTION | |
| control field | 20190404114712.0 |
| 008 - FIXED-LENGTH DATA ELEMENTS--GENERAL INFORMATION | |
| fixed length control field | 151210s2018 ii a frb 001 0 eng d |
| 020 ## - INTERNATIONAL STANDARD BOOK NUMBER | |
| International Standard Book Number | 9788120351110 |
| 040 ## - CATALOGING SOURCE | |
| Original cataloging agency | Uk |
| Language of cataloging | eng |
| Transcribing agency | Uk |
| Modifying agency | EG-ScBUE |
| -- | EG-ScBUE |
| 082 04 - DEWEY DECIMAL CLASSIFICATION NUMBER | |
| Classification number | 621.381542 |
| Item number | SOL |
| Edition number | 22 |
| 100 1# - MAIN ENTRY--PERSONAL NAME | |
| Personal name | Solanki, Chetan Singh. |
| 245 10 - TITLE STATEMENT | |
| Title | Solar photovoltaics : |
| Remainder of title | fundamentals, technologies and applications / |
| Statement of responsibility, etc | Chetan Singh Solanki. |
| 250 ## - EDITION STATEMENT | |
| Edition statement | 9th printing, 3rd ed., Eastern economy ed. |
| 260 ## - PUBLICATION, DISTRIBUTION, ETC. (IMPRINT) | |
| Place of publication, distribution, etc | Delhi : |
| Name of publisher, distributor, etc | PHI learning private limited, |
| Date of publication, distribution, etc | 2018. |
| 300 ## - PHYSICAL DESCRIPTION | |
| Extent | xxxiii, 506 p. : |
| Other physical details | ill. ; |
| Dimensions | 24 cm. |
| 504 ## - BIBLIOGRAPHY, ETC. NOTE | |
| Bibliography, etc | Includes bibliographical references and index. |
| 520 ## - SUMMARY, ETC. | |
| Summary, etc | This thoroughly revised text, now in its third edition, continues to provide a detailed discussion on all the aspects of solar photovoltaic (PV) technologies from physics of solar cells to manufacturing technologies, solar PV system design and their applications. The Third Edition includes a new chapter on Advances in C-Si Cell Processes Suitable for Near Future Commercialization (Chapter 8) to introduce the technological advancement in the commercial production to keep the readers up to date. <br/>Organized in three parts, Part I introduces the fundamental principles of solar cell operation and design, Part II explains various technologies to fabricate solar cells and PV modules and Part III focuses on the use of solar photovoltaic as part of the system for providing electrical energy. In addition to this, numerous chapter-end exercises are given to reinforce the understanding of the subject. <br/>The text is intended for the undergraduate and postgraduate students of engineering for their courses on solar photovoltaic technologies and renewable energy technologies. The book is of immense use for teachers, researchers and professionals working in the photovoltaic field. In a nutshell, this book is an absolute must-read for all those who want to understand and apply the basics behind photovoltaic devices and systems. |
| 650 #7 - SUBJECT ADDED ENTRY--TOPICAL TERM | |
| Topical term or geographic name as entry element | Solar energy. |
| Source of heading or term | BUEsh |
| 650 #7 - SUBJECT ADDED ENTRY--TOPICAL TERM | |
| Topical term or geographic name as entry element | Photovoltaic cells. |
| Source of heading or term | BUEsh |
| 650 #7 - SUBJECT ADDED ENTRY--TOPICAL TERM | |
| Topical term or geographic name as entry element | Photovoltaic power systems. |
| Source of heading or term | BUEsh |
| 651 ## - SUBJECT ADDED ENTRY--GEOGRAPHIC NAME | |
| Source of heading or term | BUEsh |
| 653 ## - INDEX TERM--UNCONTROLLED | |
| Resource For college | Energy and Environmental Engineering |
| Arrived date list | March2019 |
| 942 ## - ADDED ENTRY ELEMENTS (KOHA) | |
| Source of classification or shelving scheme | Dewey Decimal Classification |
| Withdrawn status | Item status | Source of classification or shelving scheme | Damaged status | Not for loan | Vendor | Home library | Current library | Shelving location | Date acquired | Source of acquisition | Cost, normal purchase price | Serial Enumeration / chronology | Total Checkouts | Full call number | Barcode | Date last seen | Cost, replacement price | Koha item type |
|---|---|---|---|---|---|---|---|---|---|---|---|---|---|---|---|---|---|---|
| Dewey Decimal Classification | Baccah | Central Library | Central Library | First floor | 26/03/2019 | Purchase | 403.00 | 175 | 621.381542 SOL | 000043294 | 15/07/2025 | 503.75 | Book - Borrowing |